Historias cómicas de fantasmas / (Record no. 93013)

MARC details
000 -CABECERA
campo de control de longitud fija 00592nam a2200205 a 4500
005 - FECHA Y HORA DE LA ÚLTIMA TRANSACCIÓN
campo de control 20220608063456.0
008 - ELEMENTOS DE LONGITUD FIJA--INFORMACIÓN GENERAL
campo de control de longitud fija 021031s1996 mx r 000 0 spa d
020 ## - NÚMERO INTERNACIONAL NORMALIZADO PARA LIBROS
Número Internacional Estándar del Libro 9684760604
035 ## - NÚMERO DE CONTROL DEL SISTEMA
Número de control de sistema UPN01000120679
049 ## - COLECCIÓN
Colección CG
050 #4 - SIGNATURA TOPOGRÁFICA DE LA BIBLIOTECA DEL CONGRESO
Número de clasificación PR1309 G5
Número de documento/Ítem H578
245 00 - MENCIÓN DE TÍTULO
Título Historias cómicas de fantasmas /
Mención de responsabilidad, etc. Washington Irving ... [et al.].
250 ## - MENCIÓN DE EDICIÓN
Mención de edición 6a ed.
260 ## - PUBLICACIÓN, DISTRIBUCIÓN, ETC.
Lugar de publicación, distribución, etc. México :
Nombre del editor, distribuidor, etc. Fontamara,
Fecha de publicación, distribución, etc. 1996.
300 ## - DESCRIPCIÓN FÍSICA
Extensión 123 p.
440 #0 - MENCIÓN DE SERIE/ASIENTO SECUNDARIO--TÍTULO
Título Fontamara ;
Designación de volumen o secuencia 48
650 #0 - ASIENTO SECUNDARIO DE MATERIA - TERMINO TEMATICO
Término de materia o nombre geográfico como elemento de entrada Cuentos policíacos y de misterio
9 (RLIN) 2405
700 1# - ASIENTO SECUNDARIO--NOMBRE DE PERSONAL
Nombre de persona Irving, Washington,
Fechas asociadas al nombre 1783-1859
Término indicativo de función/relación coaut.
9 (RLIN) 28915
905 ## - TIPO DE MATERIAL
Tipo de material Libro
Holdings
Estado de retiro Estado de pérdida Fuente del sistema de clasificación o colocación Estado dañado No para préstamo Código de colección Localización permanente Ubicación/localización actual Ubicación en estantería Total de préstamos Clasificación Código de barras Fecha visto por última vez Número de copia Tipo de ítem Koha
    Library of Congress Classification     Colección General Bib. Gregorio Torres Quintero Bib. Gregorio Torres Quintero Planta baja 9 PR1309 G5 H578 132411 31/12/2020 1 Libro